000 00989nam a22002537a 4500
999 _c119496
_d119496
003 dpl
005 20201229120538.0
008 201229b ||||| |||| 00| 0 hin d
010 _aA-909593
020 _c00.00
035 _aA-909593
037 _bCen Lib/Ret
040 _aDPL
_bHN
_cडीडीसी
082 _a820
_bजयप्र
100 _aजयप्रकाश
_985248
245 _aहिंदी की सौ श्रेष्ठ पुस्तकें /
_cजयप्रकाश
246 _aHindi ki sou shreshth pustaken
_bby Jaindra
300 _a354पृष्ठ.
_c20सेमी(सजिल्द)
650 _aहिंदी साहित्य
_985249
650 _aहिंदी की सौ श्रेष्ठ पुस्तक - समीक्षा
_985250
650 _ahindi literature
_985251
650 _aHundred of Hindi book - Review
_985252
942 _2ddc
_cHN
_h820
_mजयन्द्र